Umweltbewusstes Management /

Salvato in:
Dettagli Bibliografici
Autore principale: Sietz, Manfred (Autore)
Natura: Libro
Lingua:tedesco
Pubblicazione: Taunusstein : Eberhard Blottner Verlag, 1992
Tags: Aggiungi Tag
Nessun Tag, puoi essere il primo ad aggiungerne!!

MARC

LEADER 00000nam a22000003a 4500
001 stu32482
005 20150617225731.9
008 951013s1992----gw------------------ger-d
020 |a 3-89367-023-8 
040 |a STU  |b slo 
041 0 |a ger 
044 |a gw 
080 |a 502.3 
100 1 |a Sietz, Manfred  |4 aut 
245 1 |a Umweltbewusstes Management /  |c [aut.] Sietz,Manfred 
260 |a Taunusstein :  |b Eberhard Blottner Verlag,  |c 1992 
300 |a 227 s 
996 |b J89713  |c J*89713  |l JJK5  |s P  |a 0  |w stu32482_0001